Pilarski, Sebastian, 1977-. Zarys stosunków polsko-czechosłowackich 1918 - 1933. - Toruń : Wydawn. Mado. - 2008 [Rezension]
| Titel: | Pilarski, Sebastian, 1977-. Zarys stosunków polsko-czechosłowackich 1918 - 1933. - Toruń : Wydawn. Mado. - 2008 [Rezension] |
|---|---|
| Verfasser: | |
| In: |
Studia z dziejów Rosji i Europy Środkowo-Wschodniej, Band 44 (2009), Seite 342-346 alle Artikel anzeigen |
| Veröffentlicht: | 2009 |
| Format: | Aufsatz |
| Sprache: | Polnisch |
X
alg: 39510179 001A $01999:12-11-16 001B $01999:04-08-21 $t21:04:49.000 001D $01999:12-11-16 001U $0utf8 001X $00 002@ $0Aox 003@ $0395101794 007A $0395101794 $aHEB 007T $0Herda26268h 010@ $apol 011@ $a2009 021A $aPilarski, Sebastian, 1977-. Zarys stosunków polsko-czechosłowackich 1918 - 1933. - Toruń : Wydawn. Mado. - 2008 [Rezension] 028A $aSegeš $dDušan 031A $d44 $h342-346 $j2009 039B $aIn $8--Abvc--. Studia z dziejów Rosji i Europy Środkowo-Wschodniej. - Warszawa : Wydawn. Naukowe Semper, 1992-. - ISSN 1230-5057 $x200900000440000658 $9048641332 039T $8--Aau--Pilarski, Sebastian$Z1977- [Tp3]. Zarys stosunków polsko-czechosłowackich 1918 - 1933. - Toruń : Wydawn. Mado, 2008. - 304 S.. - ISBN 978-83-89886-93-4 $9277319811 045F $a900.9438 $eDDC23BSB 045F/01 $a900 045F/03 $g438 045T $a7,41 lok: 39510179 78 exp: 39510179 78 1 #EPN 201B/01 $018-11-16 $t13:45:02.000 201U/01 $0utf8 203@/01 $0791400433 208@/01 $a12-11-16 $be 209A/01 $a/ $f000 $x00 220C/01 $aHerkunft: PBB/IH PAN 244Z/01 $2Trx $#Poola $#Lenkija $#Polija $#Polen Land $#Poland $#Lengyelország $#Poľsko $#Polsko $8--Trx--Polska$gkraj $x01 $9391345966 244Z/01 $2Trx $#arvustused $#recenzijos $#Reviews $#recenziók $#recenzje $#recenzie $#recenze $8--Trx--Rezensionen $x02 $9391357441 247C/01 $82080>Marburg/Lahn, Herder-Institut, Forschungsbibliothek, Bibliographieportal $9336309341
| LEADER | 00000caa a22000002c 4500 | ||
|---|---|---|---|
| 001 | 395101794 | ||
| 003 | DE-603 | ||
| 005 | 20210804210449.0 | ||
| 007 | tu | ||
| 008 | 161112s2009 xx |||| | u00||u|pol c | ||
| 035 | |a (DE-599)HEB395101794 | ||
| 040 | |a DE-603 |b ger |c DE-603 |d DE-603 | ||
| 041 | |a pol | ||
| 082 | 0 | 4 | |8 1\u |a 900.9438 |q DE-101 |2 23/BSB |
| 084 | |a 7,41 |2 ssgn | ||
| 085 | |8 1\u |b 900 | ||
| 085 | |8 1\u |z 2 |s 438 | ||
| 100 | 1 | |a Segeš, Dušan | |
| 245 | 0 | 0 | |a Pilarski, Sebastian, 1977-. Zarys stosunków polsko-czechosłowackich 1918 - 1933. - Toruń : Wydawn. Mado. - 2008 [Rezension] |
| 264 | 0 | |c 2009 | |
| 773 | 0 | 8 | |i In |t Studia z dziejów Rosji i Europy Środkowo-Wschodniej |d Warszawa : Wydawn. Naukowe Semper, 1992- |x 1230-5057 |g Band 44 (2009), Seite 342-346 |w (DE-603)048641332 |w (DE-600)1176803-4 |
| 787 | 0 | 8 | |i Rezension von |a Pilarski, Sebastian, 1977- |t Zarys stosunków polsko-czechosłowackich 1918 - 1933 |d Toruń : Wydawn. Mado, 2008 |h 304 S. |z 9788389886934 |z 8389886936 |w (DE-603)277319811 |
| 924 | 0 | |9 2080 |a (DE-603)791400433 |b DE-2080 |c HES |d d |g / | |


